[Event "Sokolka op 5th"]
[Site "Sokolka"]
[Date "2014.07.12"]
[Round "5"]
[White "Rusak, Jan"]
[Black "Dabkus, Roman"]
[Result "0-1"]
[WhiteElo "1484"]
[BlackElo "1795"]
[PlyCount "60"]
[EventDate "2014.07.08"]
[EventType "swiss"]
[EventRounds "9"]
[EventCountry "POL"]
[SourceTitle "CBM 161 Extra"]
[Source "ChessBase"]
[SourceDate "2014.08.29"]
[SourceVersion "1"]
[SourceVersionDate "2014.08.29"]
[SourceQuality "1"]

1. d4 d5 2. c4 e6 3. Nf3 f5 4. g3 Nf6 5. Bg2 c6 6. Qc2 Bd6 7. 0-0 0-0 8. Bg5 Qe8 9. Bxf6 Rxf6 10. e3 Qh5 11. Nbd2 Nd7 12. Rfe1 g5 13. Qc3 Rh6 14. Nf1 Nf6 15. Ne5 a5 16. a3 Bxe5 17. dxe5 Ne4 18. Bxe4 fxe4 19. b4 a4 20. b5 Bd7 21. Rab1 Qf7 22. bxc6 Bxc6 23. Rec1 Rf8 24. Rb2 Rg6 25. h3 Rh6 26. Kh2 Qf5 27. g4 Qxg4 28. Ng3 Qxh3+ 29. Kg1 Qh2+ 30. Kf1 Qxg3 0-1